<?xml version="1.0" encoding="UTF-8"?>
<record
    xmlns:xsi="http://www.w3.org/2001/XMLSchema-instance"
    xsi:schemaLocation="http://www.loc.gov/MARC21/slim http://www.loc.gov/standards/marcxml/schema/MARC21slim.xsd"
    xmlns="http://www.loc.gov/MARC21/slim">

  <leader>01302nam a2200277 a 4500</leader>
  <controlfield tag="003">CL-SaCFP</controlfield>
  <controlfield tag="005">20260226165428.0</controlfield>
  <controlfield tag="008">210316s2020    amcach   b    000 0 spa  </controlfield>
  <datafield tag="015" ind1=" " ind2=" ">
    <subfield code="a">cl-2020-xxxx</subfield>
    <subfield code="2">bcl</subfield>
  </datafield>
  <datafield tag="020" ind1=" " ind2=" ">
    <subfield code="a">9789569977008</subfield>
  </datafield>
  <datafield tag="040" ind1=" " ind2=" ">
    <subfield code="c">CL</subfield>
  </datafield>
  <datafield tag="043" ind1=" " ind2=" ">
    <subfield code="a">s-cl---</subfield>
    <subfield code="a">s-bl---</subfield>
    <subfield code="a">s-pe---</subfield>
  </datafield>
  <datafield tag="082" ind1="0" ind2="4">
    <subfield code="a">983.061 P276 2020</subfield>
    <subfield code="2">21</subfield>
  </datafield>
  <datafield tag="100" ind1="1" ind2=" ">
    <subfield code="a">Parvex, Guillermo</subfield>
  </datafield>
  <datafield tag="245" ind1="1" ind2="0">
    <subfield code="a">Servicio secreto chileno en la Guerra del Pac&#xED;fico /</subfield>
    <subfield code="c">Guillermo Parvex.</subfield>
  </datafield>
  <datafield tag="250" ind1=" " ind2=" ">
    <subfield code="a">S&#xE9;ptima edici&#xF3;n: octubre de 2020.</subfield>
  </datafield>
  <datafield tag="260" ind1=" " ind2=" ">
    <subfield code="a">Santiago de Chile :</subfield>
    <subfield code="b">Penguin Random House Grupo Editorial S.A.,</subfield>
    <subfield code="c">2020</subfield>
    <subfield code="e">(Santiago, Chile :</subfield>
    <subfield code="f">CyC Impresores Ltda.)</subfield>
  </datafield>
  <datafield tag="300" ind1=" " ind2=" ">
    <subfield code="a">305 p&#xE1;ginas :</subfield>
    <subfield code="b">ilustraciones, retratos, facs&#xED;miles ;</subfield>
    <subfield code="c">23 cm.</subfield>
  </datafield>
  <datafield tag="504" ind1=" " ind2=" ">
    <subfield code="a">Bibliograf&#xED;a: p&#xE1;ginas 301-303.</subfield>
  </datafield>
  <datafield tag="504" ind1=" " ind2=" ">
    <subfield code="a">Incluye notas bibliogr&#xE1;ficas.</subfield>
  </datafield>
  <datafield tag="505" ind1="2" ind2=" ">
    <subfield code="a">La &#xE9;poca de preguerra --</subfield>
    <subfield code="t">Reformas con el inicio de hostilidades --</subfield>
    <subfield code="t">Tras las l&#xED;neas de los aliados --</subfield>
    <subfield code="t">Agentes y exploradores en Tarapac&#xE1; --</subfield>
    <subfield code="t">Operaciones en el hemisferio norte --</subfield>
    <subfield code="t">Hacia Arica y Tacna --</subfield>
    <subfield code="t">Se debe continuar avanzando hacia el norte --</subfield>
    <subfield code="t">De Arica a Lima --</subfield>
    <subfield code="t">El servicio durante la ocupaci&#xF3;n --</subfield>
    <subfield code="t">Los agentes del servicio secreto chileno.</subfield>
  </datafield>
  <datafield tag="650" ind1=" " ind2="7">
    <subfield code="a">Guerra del Pac&#xED;fico, 1879-1884</subfield>
  </datafield>
  <datafield tag="650" ind1=" " ind2="7">
    <subfield code="a">Espionaje chileno</subfield>
  </datafield>
  <datafield tag="942" ind1=" " ind2=" ">
    <subfield code="2">ddc</subfield>
    <subfield code="c">LIBRO</subfield>
  </datafield>
  <datafield tag="949" ind1=" " ind2=" ">
    <subfield code="a">c</subfield>
    <subfield code="b">c</subfield>
  </datafield>
  <datafield tag="952" ind1=" " ind2=" ">
    <subfield code="0">0</subfield>
    <subfield code="1">0</subfield>
    <subfield code="2">ddc</subfield>
    <subfield code="4">0</subfield>
    <subfield code="7">0</subfield>
    <subfield code="8">CG</subfield>
    <subfield code="a">BC</subfield>
    <subfield code="b">BC</subfield>
    <subfield code="c">CG</subfield>
    <subfield code="d">2026-02-26</subfield>
    <subfield code="l">1</subfield>
    <subfield code="m">2</subfield>
    <subfield code="o">983.061 P276 2020</subfield>
    <subfield code="p">3563000054704</subfield>
    <subfield code="r">2026-04-01 17:02:59</subfield>
    <subfield code="s">2026-02-26</subfield>
    <subfield code="t">c.1</subfield>
    <subfield code="w">2026-02-26</subfield>
    <subfield code="y">LIBRO</subfield>
  </datafield>
  <datafield tag="999" ind1=" " ind2=" ">
    <subfield code="c">16336</subfield>
    <subfield code="d">16336</subfield>
  </datafield>
</record>
